000 00681nam a2200217 a 4500
999 _c3762
_d3762
001 3762
003 BD-JhCC
005 20171118123631.0
008 171118s1965 bg |||| |||| 000 0 ben d
035 _a(BD-JhCC) 3762
040 _aBD-JhCC
_dBD-JhCC
041 _aben
082 _a891.4415
_bZAF 1965
100 _aসিকানদার আবু জাফর
245 _a বৈরী বৃষ্টিতে /
_cজাফর, সিকানদার আবু
260 _aঢাকা :
_bসময় প্রকাশনী,
_c১৯৬৫.
300 _a৮০ পৃ. :
_c২১ সেমি.
650 _abengali poetry
942 _2ddc
_cBK